000 00771cab a2200253 4500
001 WB3209-35
008 090401t1996 xxu||||| |||| 00| 0 eng d
035 _a(Sirsi) u40306
041 _aeng
245 _aRelaxation of gambling controls
260 _c1996
350 _a0
490 _aSunday Telegraph
_v25 February 1996, 9
490 _aGuardian
_v28 February 1996, 2(2)
520 _aExamines proposed reforms to Britain`s gaming laws, including the addition of 13 towns to the list of areas in which casinos may be sited.
650 _aBINGO HALLS
650 _aCASINOS
650 _aGAMBLING PROPERTIES
650 _aGAMING LAWS
690 _aPROPERTY-COMMERCIAL PROPERTY
690 _aLEISURE AND RECREATION
942 _n0
948 _c04/03/1997
999 _c25822
_d25822